Normal view
MARC view
Entry Personal Name
001 - CONTROL NUMBER
- control field: 16128
003 - CONTROL NUMBER IDENTIFIER
- control field: ARRUPE
005 - DATE AND TIME OF LATEST TRANSACTION
- control field: 20150310164353.0
008 - FIXED-LENGTH DATA ELEMENTS
- fixed length control field: 150310|| aca||aabn | a|a d
040 ## - CATALOGING SOURCE
- Original cataloging agency: ARRUPE
- Transcribing agency: ARRUPE
100 ## - HEADING--PERSONAL NAME
- Personal name: Petra Sabin Jung (trans.)
670 ## - SOURCE DATA FOUND
- Source citation: Work cat.: (ARRUPE): Connor, James A. 16124, Kepler's witch , 2004